Nerozumný vývoz dreva. Poškodzujeme zdroj pracovných miest a devíz.
Zásobovanie podnikov drevospracujúceho priemyslu drevnou surovinou v r. 1991-1992. Odďaľovanie privatizácie vybratých činností v lesnom hospodárstve. Vyhliadky ťažieb v budúcich rokoch. Ovplyvnenie poklesu dodávok dreva pre drevospracujúci priemysel. Potreba a výhoda uprednostňovať spracovanie dreva...
Salvato in:
| Autore principale: | |
|---|---|
| Natura: | Capitolo di libro |
| Lingua: | slovacco |
| Soggetti: | |
| Tags: |
Nessun Tag, puoi essere il primo ad aggiungerne!!
|
MARC
| LEADER | 00000naa a2200000 4500 | ||
|---|---|---|---|
| 001 | r013488 | ||
| 005 | 20221205075937.7 | ||
| 041 | 0 | |a slo | |
| 044 | |a SK | ||
| 245 | 1 | 0 | |a Nerozumný vývoz dreva. |b Poškodzujeme zdroj pracovných miest a devíz. |c M. Koleják |
| 520 | |a Zásobovanie podnikov drevospracujúceho priemyslu drevnou surovinou v r. 1991-1992. Odďaľovanie privatizácie vybratých činností v lesnom hospodárstve. Vyhliadky ťažieb v budúcich rokoch. Ovplyvnenie poklesu dodávok dreva pre drevospracujúci priemysel. Potreba a výhoda uprednostňovať spracovanie dreva v existujúcich domácich kapacitách. Požiadavka stabilizácie ponuky dreva pre vnútornú potrebu v SR. | ||
| 610 | 2 | 0 | |a drevo |
| 610 | 2 | 0 | |a vývoz |
| 610 | 2 | 0 | |a priemysel drevársky |
| 610 | 2 | 0 | |a ťažba dreva |
| 610 | 2 | 0 | |a 1991-1992 |
| 610 | 2 | 0 | |a Slovensko |
| 610 | 2 | 0 | |a privatizácia |
| 610 | 2 | 0 | |a hospodárstvo lesné |
| 100 | 1 | |a Koleják, M. | |